<?xml version="1.0" encoding="UTF-8"?>
<record
    xmlns:xsi="http://www.w3.org/2001/XMLSchema-instance"
    xsi:schemaLocation="http://www.loc.gov/MARC21/slim http://www.loc.gov/standards/marcxml/schema/MARC21slim.xsd"
    xmlns="http://www.loc.gov/MARC21/slim">

  <leader>01283nam#a22004335a#4500</leader>
  <controlfield tag="001">1384</controlfield>
  <controlfield tag="008">100804s2005####ag#a###f######001#0#spa#d</controlfield>
  <datafield tag="245" ind1="1" ind2="0">
    <subfield code="a">Producci&#xF3;n y comercializaci&#xF3;n de hongos comestibles /</subfield>
    <subfield code="c">Jorge R. Deschamps.</subfield>
  </datafield>
  <datafield tag="250" ind1=" " ind2=" ">
    <subfield code="a">1&#xAA; ed. 1&#xAA; reimp.</subfield>
  </datafield>
  <datafield tag="260" ind1=" " ind2=" ">
    <subfield code="a">Buenos Aires :</subfield>
    <subfield code="b">Orientaci&#xF3;n Gr&#xE1;fica,</subfield>
    <subfield code="c">2005.</subfield>
  </datafield>
  <datafield tag="300" ind1=" " ind2=" ">
    <subfield code="a">209 p. :</subfield>
    <subfield code="b">il. byn. ;</subfield>
    <subfield code="c">23 cm.</subfield>
  </datafield>
  <datafield tag="020" ind1=" " ind2=" ">
    <subfield code="a">9789260120</subfield>
  </datafield>
  <datafield tag="100" ind1="1" ind2=" ">
    <subfield code="a">Deschamps, Jorge R.</subfield>
  </datafield>
  <datafield tag="080" ind1=" " ind2=" ">
    <subfield code="a">635.8</subfield>
  </datafield>
  <datafield tag="084" ind1=" " ind2=" ">
    <subfield code="a">D64</subfield>
  </datafield>
  <datafield tag="653" ind1=" " ind2=" ">
    <subfield code="a">Hongos comestibles</subfield>
  </datafield>
  <datafield tag="653" ind1=" " ind2=" ">
    <subfield code="a">Especies de hongos</subfield>
  </datafield>
  <datafield tag="653" ind1=" " ind2=" ">
    <subfield code="a">Producci&#xF3;n mundial de hongos</subfield>
  </datafield>
  <datafield tag="653" ind1=" " ind2=" ">
    <subfield code="a">Reproducci&#xF3;n de hongos</subfield>
  </datafield>
  <datafield tag="653" ind1=" " ind2=" ">
    <subfield code="a">Hongos t&#xF3;xicos argentinos</subfield>
  </datafield>
  <datafield tag="653" ind1=" " ind2=" ">
    <subfield code="a">Hongos venenosos argentinos</subfield>
  </datafield>
  <datafield tag="653" ind1=" " ind2=" ">
    <subfield code="a">Cultivo de hongos comestibles</subfield>
  </datafield>
  <datafield tag="653" ind1=" " ind2=" ">
    <subfield code="a">Tipos de cultivos</subfield>
  </datafield>
  <datafield tag="653" ind1=" " ind2=" ">
    <subfield code="a">Cultivo de champignon</subfield>
  </datafield>
  <datafield tag="653" ind1=" " ind2=" ">
    <subfield code="a">Enfermedades de los hongos</subfield>
  </datafield>
  <datafield tag="653" ind1=" " ind2=" ">
    <subfield code="a">Plagas en hongos</subfield>
  </datafield>
  <datafield tag="653" ind1=" " ind2=" ">
    <subfield code="a">Hongos frescos</subfield>
  </datafield>
  <datafield tag="653" ind1=" " ind2=" ">
    <subfield code="a">Hongos secos</subfield>
  </datafield>
  <datafield tag="653" ind1=" " ind2=" ">
    <subfield code="a">Hongos salados</subfield>
  </datafield>
  <datafield tag="653" ind1=" " ind2=" ">
    <subfield code="a">Extractos de hongos</subfield>
  </datafield>
  <datafield tag="653" ind1=" " ind2=" ">
    <subfield code="a">Hongos agrios</subfield>
  </datafield>
  <datafield tag="653" ind1=" " ind2=" ">
    <subfield code="a">Hongos encurtidos</subfield>
  </datafield>
  <datafield tag="653" ind1=" " ind2=" ">
    <subfield code="a">Hongos en vinagre</subfield>
  </datafield>
  <datafield tag="653" ind1=" " ind2=" ">
    <subfield code="a">Comercializaci&#xF3;n argentina de hongos</subfield>
  </datafield>
  <datafield tag="040" ind1=" " ind2=" ">
    <subfield code="a">AR-ClEAG</subfield>
    <subfield code="c">AR-ClEAG</subfield>
  </datafield>
  <controlfield tag="005">20241107184707.0</controlfield>
  <controlfield tag="003">AR-ClEAG</controlfield>
  <datafield tag="942" ind1=" " ind2=" ">
    <subfield code="c">BK</subfield>
  </datafield>
  <datafield tag="999" ind1=" " ind2=" ">
    <subfield code="c">1384</subfield>
    <subfield code="d">1384</subfield>
  </datafield>
  <datafield tag="980" ind1=" " ind2=" ">
    <subfield code="6">2</subfield>
    <subfield code="a">Evangelina Gallicchio</subfield>
    <subfield code="8">2</subfield>
    <subfield code="g">Evangelina Gallicchio</subfield>
  </datafield>
  <datafield tag="952" ind1=" " ind2=" ">
    <subfield code="0">0</subfield>
    <subfield code="1">0</subfield>
    <subfield code="2">udc</subfield>
    <subfield code="4">0</subfield>
    <subfield code="7">0</subfield>
    <subfield code="a">EAC</subfield>
    <subfield code="b">EAC</subfield>
    <subfield code="c">Granja e Industria</subfield>
    <subfield code="d">2024-11-07</subfield>
    <subfield code="i">2706</subfield>
    <subfield code="l">0</subfield>
    <subfield code="o">R19 635.8 D64 Ej.1</subfield>
    <subfield code="p">2706</subfield>
    <subfield code="r">2024-11-07 18:47:07</subfield>
    <subfield code="w">2024-11-07</subfield>
    <subfield code="y">BK</subfield>
  </datafield>
</record>
